Ako písať záverečné a kvalifikačné práce

Na minha lista:
Detalhes bibliográficos
Autor principal: Katuščák, Dušan (Author)
Formato: Livro
Idioma:eslovaco
Publicado em: Nitra : Enigma, 2004
Edição:3. vyd
Assuntos:
Tags: Adicionar Tag
Sem tags, seja o primeiro a adicionar uma tag!

MARC

LEADER 00000nam a22000003a 4500
001 stu87216
005 20150617225629.6
008 040527s2004----xo------------------slo-d
020 |a 80-89132-10-3 
040 |a STU  |b slo 
041 0 |a slo 
044 |a xo 
080 |a 001.816 
080 |a 378.2 
100 1 |a Katuščák, Dušan  |4 aut 
245 1 |a Ako písať záverečné a kvalifikačné práce 
250 |a 3. vyd 
260 |a Nitra :  |b Enigma,  |c 2004 
300 |a 162 s 
650 7 |a spracovanie textov  |2 stusub 
650 7 |a písomný prejav  |2 stusub 
650 7 |a technika referovania  |2 stusub 
650 7 |a citácie  |2 stusub 
650 7 |a bibliografické odkazy  |2 stusub 
650 7 |a práce vysokoškolské  |2 stusub 
650 7 |a práce kvalifikačné  |2 stusub 
650 7 |a práce seminárne  |2 stusub 
650 7 |a práce záverečné  |2 stusub 
996 |b 284EK85282  |c E*85282  |l EE0101  |s P  |a 0  |w stu87216_0001 
996 |b 284EK85280  |c E*85280  |l EE01  |s A  |a 24  |w stu87216_0003 
996 |b 284M057671  |c M*11406-1  |l MMST  |s A  |a 24  |w stu87216_0004